K monetárnej politike ECB

Pokračovanie príspevku z predchádzajúceho čísla. Reforma menovej politiky Európskej centrálnej banky. Stratégia plánovanej inflácie.

Salvato in:
Dettagli Bibliografici
Autore principale: Lennerová, Ivana, 1979-
Natura: Capitolo di libro
Lingua:slovacco
Soggetti:
Tags: Aggiungi Tag
Nessun Tag, puoi essere il primo ad aggiungerne!!

MARC

LEADER 00000nla$a2200000$$$4500
001 0080452
005 20240502071918.4
041 0 |a slo 
044 |a SK 
245 1 0 |a K monetárnej politike ECB  |c Ivana Lennerová 
520 |a Pokračovanie príspevku z predchádzajúceho čísla. Reforma menovej politiky Európskej centrálnej banky. Stratégia plánovanej inflácie. 
610 2 0 |a reformy menové 
610 2 0 |a Európska centrálna banka 
610 2 0 |a eurozóna 
610 2 0 |a politika medzinárodná 
610 2 0 |a cielenie inflácie 
100 1 |a Lennerová, Ivana, 1979-